| 000 | 00542nam a2200205Ia 4500 | ||
|---|---|---|---|
| 003 | OSt | ||
| 005 | 20220927105646.0 | ||
| 006 | a|||||r|||| 00| 0 | ||
| 007 | ta | ||
| 008 | 220926b |||||||| |||| 00| 0 eng d | ||
| 024 | _a194501 | ||
| 037 | _cReference Collections | ||
| 040 |
_aRTL _cRTL _beng |
||
| 041 |
_2eng _aeng |
||
| 082 | _a"Z2:g, M2/TD" | ||
| 100 |
_aBaxi Upendra _9374019 |
||
| 245 | 0 | _aCrisis of the Indian legal system | |
| 942 |
_h"Z2:g, M2/TD" _cCC |
||
| 999 |
_c693712 _d693712 |
||